000 00572nam a2200205Ia 4500
008 220216s9999 xx 000 0 und d
100 _aAn Z W
245 0 _aGenetic diversity among wild and cultivated accessions of Hevea brasiliensis (rubber tree) detected by RAPDs and ISSRs
260 _bJournal of Tropical and Subtropical Botany
_c2005
300 _a246-252
650 _aGenetic diversity
650 _aISSR
650 _aRAPD
700 _aCheng H
700 _aFang J L
700 _aHuang H S
700 _aSun A H
856 _uCAB CD
942 _cJS
999 _c59801
_d59801